| 000 | 00453nam a2200133Ia 4500 | ||
|---|---|---|---|
| 008 | 200915s9999 xx 000 0 und d | ||
| 020 | _a978-1-119-54304-6 | ||
| 100 | _aMueller, John Paul | ||
| 245 |
_cJohn Paul Mueller, Luca Massaron.-- _aDeep learning for dummies / |
||
| 260 |
_aNew Jersey : _bJohn Wiley & Sons, Inc. _c2019 |
||
| 300 |
_aix , 350 pages : _billustrations ; _c23 cm. |
||
| 650 | _aArtificial intelligence. | ||
| 650 | _aMachine learning. | ||
| 999 |
_c364219 _d364219 |
||